00801nam a22001817a 450000500170000000800400001702000180005705000240007524501340009925000110023326001280024430000210037249000730039365000270046670000450049370000350053870000460057320151201082448.0151201b cl||||| |||| 00| 0 spa d a978958665089204aB105 .J87bC66 200600aContribuciones filosóficas para una mayor justicia / ccompiladores, Vicente Durán Casas, Juan Carlos Scannone, Eduardo Silva a1a ed. aBogotá, Colombia D.C. : bSiglo del Hombre Editores : Equipo Jesuita Latinoamericano de Reflexión Filosófica, c2006. a235 p. ;c21 cm. 0aBiblioteca Universitaria,Ciencias Sociales y Humanidades,Filosofía 4aJusticia xFilosofía1 aDurán Casas, Vicente, d1957- ,ecomp.1 aScannone, Juan Carlos, ecomp.1 aSilva, Eduardo da, d1948- , ecompilador